| 000 | 00559nam a2200181Ia 4500 | ||
|---|---|---|---|
| 003 | LK-CoDNM | ||
| 008 | 010623t1996 xxu||||| |||| 00| 1 sin d | ||
| 040 |
_aLK-CoDNM _dLK-CoDNM _eLK-CoDNM |
||
| 041 | _asin | ||
| 080 |
_a796.34 _bATH |
||
| 100 | _aAthalage, Chandrapala | ||
| 245 | _aක්රිකටි සහ එල්ලේ නීති රීති සංග්රහය | ||
| 246 | _aCricket saha Elle : Neethi reethi sangrahaya | ||
| 260 |
_bMalpiyali _aDankotuwa _c1996 |
||
| 300 | _b36, 21 cm | ||
| 650 | _aSports Games | ||
| 942 | _cBK | ||
| 999 |
_c117645 _d117645 |
||